[Event "Berlin op 01"]
[Site "Berlin"]
[Date "2006.02.03"]
[Round "8"]
[White "Pixa, Richard"]
[Black "Kuenne, Moritz"]
[Result "1-0"]
[WhiteElo "1001"]
[BlackElo "830"]
[PlyCount "91"]
[EventDate "2006.01.29"]
[EventType "swiss"]
[EventRounds "9"]
[EventCountry "GER"]
[SourceTitle "EXT 2007"]
[Source "ChessBase"]
[SourceDate "2006.11.23"]
[SourceVersion "1"]
[SourceVersionDate "2006.11.23"]
[SourceQuality "1"]

1. f4 d5 2. Nf3 Nc6 3. b3 Bf5 4. Bb2 Nf6 5. e3 e6 6. Bb5 a6 7. Bxc6+ bxc6 8. d3 Bd6 9. Nbd2 0-0 10. 0-0 Ng4 11. Qe1 Bc5 12. Qg3 Bxe3+ 13. Kh1 Qd6 14. Ne5 Bxd2 15. Nxg4 Bxg4 16. Qxg4 f6 17. a4 e5 18. fxe5 fxe5 19. Rad1 Rad8 20. g3 Be3 21. Rfe1 d4 22. c3 Qd5+ 23. Qe4 Qd6 24. cxd4 exd4 25. Ra1 Rde8 26. Ba3 Rxe4 27. Bxd6 cxd6 28. dxe4 Bd2 29. Re2 Bc3 30. Rc1 d3 31. Rg2 Bd4 32. Rd1 c5 33. h3 Re8 34. Rxd3 Rxe4 35. Rgd2 Re1+ 36. Kg2 Rg1+ 37. Kh2 Rb1 38. h4 Bg1+ 39. Kh3 Bd4 40. Re2 Rh1+ 41. Kg4 g6 42. Rf3 h5+ 43. Kg5 Bg7 44. Kxg6 Rd1 45. Re8+ Bf8 46. Rexf8# 1-0

[Event "Berlin op 01"]
[Site "Berlin"]
[Date "2006.02.01"]
[Round "5"]
[White "Kuenne, Moritz"]
[Black "Moritz, Aron"]
[Result "0-1"]
[WhiteElo "830"]
[BlackElo "992"]
[PlyCount "76"]
[EventDate "2006.01.29"]
[EventType "swiss"]
[EventRounds "9"]
[EventCountry "GER"]
[SourceTitle "EXT 2007"]
[Source "ChessBase"]
[SourceDate "2006.11.23"]
[SourceVersion "1"]
[SourceVersionDate "2006.11.23"]
[SourceQuality "1"]

1. e4 c5 2. Bc4 Nc6 3. Nf3 g6 4. 0-0 Bg7 5. Ng5 e6 6. d3 Nge7 7. Nc3 0-0 8. Bd2 Qb6 9. Qc1 a6 10. Nf3 Qc7 11. Bh6 b5 12. Bb3 Bb7 13. Bxg7 Kxg7 14. Qe3 Na5 15. d4 c4 16. Bxc4 Nxc4 17. Qg5 Rae8 18. b3 Nd6 19. e5 Ndf5 20. Qf6+ Kg8 21. Ne2 Qxc2 22. Ng3 h6 23. Rfc1 Qxc1+ 24. Rxc1 Nd5 25. Qxf5 gxf5 26. Nh5 Rc8 27. Rxc8 Rxc8 28. Kf1 Rc2 29. a4 bxa4 30. bxa4 Bc6 31. a5 Kf8 32. Ne1 Bb5+ 33. Nd3 Bxd3+ 34. Ke1 Ra2 35. Kd1 Nc3+ 36. Ke1 Re2+ 37. Kf1 Rxe5+ 38. Kg1 Re1# 0-1

[Event "Berlin op 01"]
[Site "Berlin"]
[Date "2006.01.31"]
[Round "4"]
[White "Doering, Andre Patrick"]
[Black "Kuenne, Moritz"]
[Result "1-0"]
[WhiteElo "985"]
[BlackElo "830"]
[PlyCount "115"]
[EventDate "2006.01.29"]
[EventType "swiss"]
[EventRounds "9"]
[EventCountry "GER"]
[SourceTitle "EXT 2007"]
[Source "ChessBase"]
[SourceDate "2006.11.23"]
[SourceVersion "1"]
[SourceVersionDate "2006.11.23"]
[SourceQuality "1"]

1. e4 e5 2. Nf3 Nc6 3. Bb5 Nf6 4. Nc3 a6 5. Bxc6 dxc6 6. 0-0 Bg4 7. h3 Be6 8. Nxe5 Bc4 9. d3 Qd4 10. Nf3 Qc5 11. dxc4 Qxc4 12. Bg5 Be7 13. Bxf6 Bxf6 14. Qd3 Qxd3 15. cxd3 0-0 16. Rac1 Bg5 17. Rc2 Bf4 18. Ne2 Bd6 19. e5 Bb4 20. a3 Ba5 21. Rd1 Rad8 22. d4 f6 23. exf6 Rxf6 24. Ne5 Bb6 25. Ng4 Rff8 26. Nc3 Bxd4 27. Rcd2 c5 28. Na4 b6 29. Ne5 Bxf2+ 30. Kh1 Rxd2 31. Rxd2 Bg3 32. Nf3 g5 33. Nc3 h5 34. Rd1 g4 35. hxg4 hxg4 36. Nh2 Rf4 37. Nd5 Ra4 38. Nf6+ Kg7 39. Nfxg4 Bxh2 40. Nxh2 Rh4 41. Rd7+ Kf6 42. Rxc7 Ra4 43. Rc6+ Ke5 44. Rxb6 c4 45. g4 c3 46. bxc3 Rxa3 47. g5 Ra1+ 48. Kg2 Ra2+ 49. Kh3 Kf5 50. g6 Ra3 51. Rc6 Rb3 52. g7 Rb7 53. g8Q Re7 54. Qf8+ Ke5 55. Qxe7+ Kf4 56. Rf6+ Kg5 57. Qg7+ Kh5 58. Rh6# 1-0